[Event "Mistrzostwa Polski"]
[Site "Warsaw POL"]
[Date "2014.04.02"]
[Round "9"]
[White "Swiercz, Dariusz"]
[Black "Sadzikowski, Daniel"]
[Result "1/2-1/2"]
[WhiteElo "2631"]
[BlackElo "2470"]
[PlyCount "135"]
[EventDate "2014.03.25"]

1. c4 e5 2. g3 Nc6 3. Bg2 Bc5 4. Nc3 a6 5. Nf3 d6 6. O-O Nge7 7. e3 Ba7 8. b3
O-O 9. h3 Bf5 10. d4 f6 11. Ba3 Qd7 12. Kh2 Rad8 13. Rc1 h6 14. b4 Bh7 15. b5
Nb8 16. c5 dxc5 17. Qb3+ Kh8 18. dxe5 Bg8 19. Qb1 Qe6 20. Qe4 c6 21. b6 Bxb6
22. Qb1 Nd7 23. exf6 Rxf6 24. Nd2 Nd5 25. Nde4 Rff8 26. Qb3 Rb8 27. Nxd5 Qxd5
28. Qc3 Qe5 29. Qd2 Rfd8 30. Bb2 Qe7 31. Qc3 Bc7 32. f4 Bd5 33. Rf2 b5 34. Nxc5
Nxc5 35. Qxc5 Qxc5 36. Rxc5 Bb6 37. Rcc2 Bxe3 38. Rfe2 Bb6 39. Re7 Rg8 40. Be5
Rbe8 41. Rxe8 Rxe8 42. Bxd5 cxd5 43. Rc6 Bd8 44. Rxh6+ Kg8 45. Rg6 Bf6 46. Bxf6
Re2+ 47. Kg1 Kf7 48. Rxg7+ Kxf6 49. Ra7 Rxa2 50. g4 d4 51. Kf1 b4 52. Rb7 d3
53. Rb6+ Ke7 54. Ke1 a5 55. f5 Re2+ 56. Kd1 Rg2 57. f6+ Kf7 58. g5 Rxg5 59. Kd2
Rd5 60. h4 Rd4 61. h5 a4 62. h6 b3 63. h7 Rd8 64. Rb4 Kxf6 65. Rxa4 Kg7 66.
Ra7+ Kh8 67. Rb7 b2 68. Rxb2 1/2-1/2

[Event "Mistrzostwa Polski"]
[Site "Warsaw POL"]
[Date "2014.04.02"]
[Round "9"]
[White "Piorun, Kacper"]
[Black "Kanarek, Marcel"]
[Result "1-0"]
[WhiteElo "2570"]
[BlackElo "2476"]
[PlyCount "129"]
[EventDate "2014.03.25"]

1. e4 c5 2. Nf3 g6 3. d4 cxd4 4. Nxd4 Nf6 5. Nc3 d6 6. g3 Nc6 7. Nde2 Bg7 8.
Bg2 O-O 9. O-O Be6 10. h3 Rc8 11. Be3 Bc4 12. a4 Nd7 13. Ra3 Na5 14. Bc1 Qb6
15. Re1 e6 16. b3 Bxb3 17. cxb3 Bxc3 18. Nxc3 Rxc3 19. Bd2 Rxg3 20. Bxa5 Qxa5
21. b4 Rxg2+ 22. Kxg2 Qxb4 23. Rd3 Nf6 24. Rxd6 Nd5 25. Rd7 Nf4+ 26. Kh2 e5 27.
Re3 Qb2 28. Rd2 Qb4 29. Rd7 Qb2 30. Kg3 Nh5+ 31. Kf3 Qb6 32. Qd6 Qb2 33. Re7
Qa1 34. Qxe5 Qxa4 35. Rxb7 a6 36. Reb3 Ng7 37. Rb8 Ne6 38. Rxf8+ Nxf8 39. Rb8
Qa3+ 40. Kg2 a5 41. Qf6 Qc5 42. Rb7 Qc4 43. Re7 a4 44. Re8 Qc5 45. Re7 Qc4 46.
Re8 Qc5 47. h4 h5 48. Re7 Qc4 49. Re8 Qc5 50. Qe7 Qxe7 51. Rxe7 Ne6 52. Ra7 Nc5
53. Kf3 Kg7 54. Ke3 Kf6 55. Ra5 Ne6 56. f4 Kg7 57. Rxa4 Kf6 58. Ra6 Kg7 59. f5
gxf5 60. exf5 Nc7 61. Rc6 Nd5+ 62. Ke4 Nf6+ 63. Kf4 Nh7 64. Ra6 Kg8 65. f6 1-0

[Event "Mistrzostwa Polski"]
[Site "Warsaw POL"]
[Date "2014.04.02"]
[Round "9"]
[White "Warakomski, Tomasz"]
[Black "Adamski, Jan"]
[Result "1-0"]
[WhiteElo "2498"]
[BlackElo "2302"]
[PlyCount "153"]
[EventDate "2014.03.25"]

1. e4 c5 2. Nf3 e6 3. d4 cxd4 4. Nxd4 a6 5. Nc3 Qc7 6. Qf3 Nc6 7. Nxc6 dxc6 8.
Bg5 Be7 9. Bxe7 Nxe7 10. Qg3 Qxg3 11. hxg3 e5 12. Na4 Ng6 13. Nb6 Rb8 14. Bc4
Nf8 15. O-O-O Ke7 16. Rd2 Ne6 17. b4 h6 18. Rhd1 Rd8 19. Rxd8 Nxd8 20. Kb2 Be6
21. Kc3 Bxc4 22. Nxc4 Rc8 23. Nd6 Rb8 24. Nf5+ Kf6 25. Rd7 h5 26. a4 g6 27. Ne3
Ke6 28. Rd1 f6 29. f4 exf4 30. gxf4 Nf7 31. Nc4 b5 32. Nd2 Rd8 33. a5 Nd6 34.
Re1 Nb7 35. Nb3 Rc8 36. Kd4 Rd8+ 37. Ke3 Rc8 38. Kd4 Rd8+ 39. Ke3 Rc8 40. f5+
gxf5 41. Nd4+ Ke5 42. Nxf5 c5 43. Ne7 Rc7 44. Ng6+ Ke6 45. Nf4+ Kf7 46. Nd5 Rc6
47. c3 cxb4 48. cxb4 Nd6 49. Rf1 Nc4+ 50. Kf4 Ne5 51. Rh1 Ng6+ 52. Ke3 h4 53.
Rf1 Ne7 54. Nf4 Rc4 55. Nd3 Kg6 56. Rd1 Nc6 57. Nf4+ Kg5 58. Rd7 Rc3+ 59. Kd2
Rc4 60. Ne6+ Kg6 61. Ke3 Nxb4 62. Nf8+ Kg5 63. Rg7+ Kh5 64. Kf4 Nd5+ 65. Kf5
Ne3+ 66. Kf4 Nd5+ 67. Kf5 Ne3+ 68. Kxf6 Rxe4 69. Ng6 Re8 70. Nf4+ Kh6 71. Rg6+
Kh7 72. Kf7 Re4 73. Rg7+ Kh6 74. Rg6+ Kh7 75. Ne6 Rg4 76. Nf8+ Kh8 77. Rh6# 1-0

[Event "Mistrzostwa Polski"]
[Site "Warsaw POL"]
[Date "2014.04.02"]
[Round "9"]
[White "Stachowiak, Kamil"]
[Black "Pakleza, Zbigniew"]
[Result "1-0"]
[WhiteElo "2442"]
[BlackElo "2490"]
[PlyCount "97"]
[EventDate "2014.03.25"]

1. d4 f5 2. Nc3 Nf6 3. Bg5 d5 4. Bxf6 exf6 5. e3 Be6 6. Qf3 Nc6 7. Bb5 Qd6 8.
a3 O-O-O 9. Nge2 Kb8 10. Nf4 Bf7 11. Nd3 Ne7 12. b4 h5 13. h4 g6 14. Nc5 g5 15.
Bd3 Bh6 16. hxg5 fxg5 17. Bxf5 Nxf5 18. Qxf5 Bg6 19. Qe6 g4 20. Kd2 Rde8 21.
Qxd5 Qxd5 22. Nxd5 Rd8 23. Ne7 Bf7 24. Nf5 Bf8 25. Nd3 Bg6 26. Nh4 Be4 27. f3
Bd5 28. Ne5 gxf3 29. gxf3 Bd6 30. Nhg6 Rh6 31. Rag1 a5 32. c3 c5 33. bxc5 Bxc5
34. Nf4 Bxa3 35. Ra1 Bd6 36. Rxa5 Bg8 37. Rxh5 Rf6 38. Rh8 Rff8 39. Nfg6 Rfe8
40. f4 Kc7 41. e4 Ra8 42. Rxa8 Rxa8 43. Ke3 b5 44. Nd3 Kc6 45. d5+ Kb6 46. f5
Bc5+ 47. Nxc5 Kxc5 48. f6 b4 49. cxb4+ 1-0

[Event "Mistrzostwa Polski"]
[Site "Warsaw POL"]
[Date "2014.04.02"]
[Round "9"]
[White "Wieczorek, Oskar"]
[Black "Grabarczyk, Miroslaw"]
[Result "1/2-1/2"]
[WhiteElo "2407"]
[BlackElo "2466"]
[PlyCount "115"]
[EventDate "2014.03.25"]

1. e4 e5 2. Nf3 Nf6 3. Nxe5 d6 4. Nf3 Nxe4 5. Nc3 Nxc3 6. dxc3 Nc6 7. Bf4 Be7
8. Qd2 Be6 9. O-O-O Qd7 10. Ng5 Bxg5 11. Bxg5 f6 12. Be3 a6 13. h4 h5 14. f3
O-O-O 15. b3 Rhe8 16. Kb2 Re7 17. Bf2 Rde8 18. c4 Bf5 19. b4 Qe6 20. b5 Ne5 21.
Qc3 b6 22. bxa6 Kb8 23. a4 Nd7 24. c5 dxc5 25. a5 Ka7 26. Bb5 Qe5 27. axb6+
Kxb6 28. Bd4 Qd6 29. Bxd7 Bxd7 30. Bf2 Qe5 31. Rd4 Bb5 32. Re1 Qf5 33. Rf4 Qd5
34. Ra1 Ra8 35. a7 Re2 36. Bg1 Rxg2 37. Rb4 Rxg1 38. Rxb5+ Kxb5 39. Rxg1 Rxa7
40. Rxg7 Qd4 41. Qxd4 cxd4 42. Rh7 Kc4 43. Rxh5 c5 44. Rf5 Rb7+ 45. Kc1 Rg7 46.
Kb2 Rg2 47. Kc1 Kb4 48. c3+ Kxc3 49. Rxc5+ Kd3 50. Rf5 Rc2+ 51. Kd1 Ra2 52. Kc1
Ra6 53. Rd5 Ke3 54. Kc2 Ra2+ 55. Kb3 Ra6 56. Kc2 Rc6+ 57. Kd1 Ra6 58. Kc2
1/2-1/2